000 01082nam a22002057a 4500
999 _c62049
_d62049
003 Ge_BSU
005 20240627114931.0
008 240627s1974 ge ||||| |||| 00| 0 geo d
041 _ageo
080 _a616(075.8) +615.825(075.8) ჩ-69
100 _aჩიქოვანი, ლ.
_922612
245 _aზოგადი პათოლოგია და სამკურნალო ფიზიკური კულტურა :
_bდამხმ. სახელმძღვ. ფიზკულტურის ინ-ტის სტუდენტებისათვის /
_cლ. ჩიქოვანი; რედ. ნ. მიქაძე.
264 _aთბილისი :
_bგანათლება,
_c1974.
300 _a63 გვ. ;
_b21 სმ.
653 _aზოგადი პათოლოგია
653 _aსამკურნალო ფიზიკური კულტურა
653 _aმედიცინა
700 _aმიქაძე, ნ.
_eრედაქტორი
_910262
942 _2udc
_cᲬᲘᲒᲜᲘ